000 00502nam a22001932 4500
001 0000009794
005 20151217160122.0
008 081130s xx 000 0 eng d
020 _a0688143342 :
040 _aKABU
_cKABU
100 1 _aAliki.
_@0000161573
245 1 0 _aHello! Good-bye /
_cAliki.
250 _a1st ed.
260 _aNew York :
_bGreenwillow,
_c1996.
300 _a[30] p.
852 1 _9p200 KES
908 _a081130
950 _@1
999 _c14556
_d14556